Movies Quiz

Random Movies or Director Quiz

Debut Directors Quiz Stats

 Plays Quiz Updated Feb 11, 2020

Support Sporcle.
Go Orange.
Score 0/22 Timer 06:00
1 Play Today
Year Director % Correct
1992Quentin Tarantino
83%
1941Orson Welles
78.2%
1990Kevin Costner
71.9%
2003Rob Zombie
55.8%
1968George Romero
47.6%
1999Sofia Coppola
47.5%
1999Sam Mendes
46.8%
1984Joel and Ethan Coen
45.3%
1992Robert Rodriguez
45.3%
1999Spike Jonze
45.1%
1980Robert Redford
43.2%
Year Director % Correct
1983Barbra Streisand
40.7%
1993Mel Gibson
37%
1989Steven Soderbergh
35.5%
1991Jodie Foster
31.2%
1941John Huston
30.1%
1989Cameron Crowe
25.6%
1992Baz Luhrmann
22%
1973Terrence Malick
21.2%
1994Danny Boyle
18.9%
1981Lawrence Kasdan
9.2%
1986Penny Marshall
6.6%

From the Vault

Baby Names: Girl (1990s)

by jkat

Hint: Try your own name, or perhaps your sister's.
Remove Ads.
Support Sporcle.
Get the best of Sporcle when you Go Orange. This ad-free experience offers more features, more stats, and more fun while also helping to support Sporcle. Thank you for becoming a member.

Show Comments

Extras

Top Quizzes Today


Score Distribution

Your Account Isn't Verified!

In order to create a playlist on Sporcle, you need to verify the email address you used during registration. Go to your Sporcle Settings to finish the process.

Report this User

Report this user for behavior that violates our Community Guidelines.

Details: